00420nam a22001337a 4500020001800000082001700018100002100035245003500056260004500091650002100136942000700157952010500164999001700269 a0-19-569835-5 a297.0954 ROB aRobinson Francis aIslam South Asia, and The West aNew DelhibOxford University Pressc2008 aIslam-South Asia cBK 00104070aHMIbHMId2017-03-08eamazong375.00l0o297.0954 ROBp25192r2017-03-08w2017-03-08yBK c20333d20333